000 00274nam a2200109Ia 4500
008 190216s9999||||xx |||||||||||||| ||und||
100 _aViswanath
245 0 _aAdunika Gadya Mathrgakal
260 _bCalicut University Publications
650 _aEssay Malayalam
942 _cBK
999 _c25643
_d25643